| 000 | 00851nam a2200205Ia 4500 | ||
|---|---|---|---|
| 999 |
_c36692 _d36692 |
||
| 001 | 2621 | ||
| 003 | GE_BSU | ||
| 005 | 20230829172422.0 | ||
| 008 | 181216s1979||||ge |||||||||||||| ||geo|| | ||
| 040 | _cGE_BSU | ||
| 041 | _ageo | ||
| 080 | _a517.2(075.8) ჭ–34 | ||
| 100 |
_aჭელიძე, ვლ. _91641 |
||
| 245 |
_aმათემატიკური ანალიზის კურსი: _b[სახელმძღვანელო სტუდენტებისათვის]. ტ.1. _cვლ. ჭელიძე, ე. წითლანაძე. |
||
| 264 |
_aთბილისი : _bთბილ. უნ-ტის გამ-ბა, _c1979. |
||
| 300 |
_a638 გვ.; _b20 სმ. |
||
| 653 | _aმათემატიკა | ||
| 700 |
_aწითლანაძე, ე. _eავტორი _919725 |
||
| 942 |
_cBK _2udc |
||